| 000 | 01656nam a2200337Ia 4500 | ||
|---|---|---|---|
| 001 | ebr10047462 | ||
| 003 | CaPaEBR | ||
| 006 | m u | ||
| 007 | cr cn||||||||| | ||
| 008 | 030610s2003 vaua sb 001 0 eng d | ||
| 010 | _z 2003013237 | ||
| 020 | _z0871207931 (alk. paper) | ||
| 040 |
_aCaPaEBR _cCaPaEBR |
||
| 035 | _a(OCoLC)54885980 | ||
| 050 | 1 | 4 |
_aLB3013 _b.M365 2003eb |
| 082 | 0 | 4 |
_a371.102/4 _221 |
| 100 | 1 | _aMarzano, Robert J. | |
| 245 | 1 | 0 |
_aClassroom management that works _h[electronic resource] : _bresearch-based strategies for every teacher / _cRobert J. Marzano with Jana S. Marzano & Debra J. Pickering. |
| 260 |
_aAlexandria, VA : _bAssociation for Supervision and Curriculum Development, _cc2003. |
||
| 300 |
_aiv, 150 p. : _bill. |
||
| 504 | _aIncludes bibliographical references (p. 126-137) and index. | ||
| 505 | 0 | _aThe critical role of classroom management -- Rules and procedures -- Disciplinary interventions -- Teacher-student relationships -- Mental set -- The student's responsibility for management -- Getting off to a good start -- Management at the school level. | |
| 533 |
_aElectronic reproduction. _bPalo Alto, Calif. : _cebrary, _d2009. _nAvailable via World Wide Web. _nAccess may be limited to ebrary affiliated libraries. |
||
| 650 | 0 |
_aClassroom management _zUnited States. |
|
| 650 | 0 |
_aEffective teaching _zUnited States. |
|
| 655 | 7 |
_aElectronic books. _2local |
|
| 700 | 1 | _aMarzano, Jana S. | |
| 700 | 1 | _aPickering, Debra J. | |
| 710 | 2 | _aebrary, Inc. | |
| 856 | 4 | 0 |
_uhttp://site.ebrary.com/lib/rucke/Doc?id=10047462 _zAn electronic book accessible through the World Wide Web; click to view |
| 999 |
_c173712 _d173712 |
||